| 000 | 00908nac a22002777a 4500 | ||
|---|---|---|---|
| 001 | BR0002373 | ||
| 003 | BR-BrBNA | ||
| 005 | 20240122131502.0 | ||
| 008 | 230509b bl.|||m| |||| 00| 0 por d | ||
| 040 |
_aBR-BrBNA _bpor _cBiblioteca Nacional de Agricultura |
||
| 072 | _aA01 | ||
| 090 |
_aA01 _bBR0002373 |
||
| 100 | 1 | _aBraga, Ramayana Menezes | |
| 110 | 1 |
_aCentro de Pesquisa Agroflorestal de Roraima, Boa Vista (Brasil) _91534 |
|
| 245 | 1 | _aA agropecuaria em Roraima: consideracoes historicas, de producao e geracao de conhecimentos | |
| 260 | 3 |
_aBoa Vista, RR (Brasil): _c1998. |
|
| 300 | _a62 p. | ||
| 490 |
_aDocumentos - Centro de Pesquisa Agroflorestal de Roraima (Brazil) _vno. 1 _xISSN 0101-9805 |
||
| 500 | _a9 tables; 37 ref. | ||
| 650 | _aAgricultura | ||
| 650 | _aProducao Agricola | ||
| 650 | _aPesquisa | ||
| 650 | _aHistoria | ||
| 650 | _aMeio Ambiente | ||
| 942 |
_2AGRIS _n0 _cMS |
||
| 999 |
_c290806 _d290806 |
||